Beruria (Record no. 9391)
[ view plain ]
| 000 -CABECERA | |
|---|---|
| campo de control de longitud fija | 00574nam a2200205 a 4500 |
| 001 - NÚMERO DE CONTROL | |
| campo de control | BRL_579 |
| 005 - FECHA Y HORA DE LA ÚLTIMA TRANSACCIÓN | |
| campo de control | 20190320210817.0 |
| 008 - DATOS DE LONGITUD FIJA--INFORMACIÓN GENERAL | |
| campo de control de longitud fija | 040913s1909----au-#######---#000-0#ger-# |
| 041 ## - CÓDIGO DE LENGUA | |
| Código de lengua del texto/banda sonora o título independiente | ger |
| 050 #4 - SIGNATURA TOPOGRÁFICA DE LA BIBLIOTECA DEL CONGRESO | |
| Número de clasificación | BM669 |
| Número de documento/Ítem | .G78 1909 |
| 100 1# - ENTRADA PRINCIPAL--NOMBRE DE PERSONA | |
| Nombre de persona | Grunwald, Max |
| Fechas asociadas al nombre | 1871-1953 |
| 9 (RLIN) | 24346 |
| 245 10 - MENCIÓN DE TÍTULO | |
| Título | Beruria |
| Resto del título | Gebete und Andachten für jüdische Frauen und Mädchen |
| Mención de responsabilidad, etc. | Max Grunwald |
| 260 ## - PUBLICACIÓN, DISTRIBUCIÓN, ETC. | |
| Lugar de publicación, distribución, etc. | Wien |
| Nombre del editor, distribuidor, etc. | J. Schlesinger |
| Fecha de publicación, distribución, etc. | 1909 |
| 300 ## - DESCRIPCIÓN FÍSICA | |
| Extensión | 319 p. |
| Dimensiones | 16 cm. |
| 500 ## - NOTA GENERAL | |
| Nota general | Au638 |
| 650 14 - PUNTO DE ACCESO ADICIONAL DE MATERIA--TÉRMINO DE MATERIA | |
| Término de materia o nombre geográfico como elemento de entrada | Oración |
| Subdivisión general | Judaismo |
| 9 (RLIN) | 24347 |
| 650 14 - PUNTO DE ACCESO ADICIONAL DE MATERIA--TÉRMINO DE MATERIA | |
| Término de materia o nombre geográfico como elemento de entrada | Judaismo |
| Subdivisión general | Liturgia |
| 9 (RLIN) | 24348 |
| 902 ## - CATALOGADOR | |
| Iniciales | GRL |
| 942 ## - ELEMENTOS DE PUNTO DE ACCESO ADICIONAL (KOHA) | |
| Fuente del sistema de clasificación o colocación | Library of Congress Classification |
| Tipo de ítem Koha | Libros |
| Estado de retiro | Estado de pérdida | Estado dañado | No para préstamo | Localización permanente | Ubicación/localización actual | Fecha de adquisición | Número de inventario | Total de préstamos | Signatura topográfica completa | Código de barras | Fecha visto por última vez | Precio válido a partir de | Tipo de ítem Koha |
|---|---|---|---|---|---|---|---|---|---|---|---|---|---|
| El ejemplar forma parte de la colección y puede ser consultado según las políticas vigentes. | Biblioteca Centro de Estudios Ruth D. Lechuga | Biblioteca Centro de Estudios Ruth D. Lechuga | 04/09/2013 | Au638 | BM669 .G78 1909 (Au638) | GRL00636 | 22/03/2019 | 22/03/2019 | Libros |